Clementine and the spring trip / (Record no. 4523)

MARC details
000 -LEADER
fixed length control field 01010nam a22003017a 4500
001 - CONTROL NUMBER
control field 4523
003 - CONTROL NUMBER IDENTIFIER
control field FISKH
005 - DATE AND TIME OF LATEST TRANSACTION
control field 20250702110604.0
008 - FIXED-LENGTH DATA ELEMENTS--GENERAL INFORMATION
fixed length control field 240913b cb ||||| |||| 00| 0 eng d
020 ## - INTERNATIONAL STANDARD BOOK NUMBER
International Standard Book Number 9780545560054
040 ## - CATALOGING SOURCE
Original cataloging agency FISKH
Language of cataloging eng
Transcribing agency FISKH
Modifying agency FISKH
050 ## - LIBRARY OF CONGRESS CALL NUMBER
Classification number PZ7.P3856
082 ## - DEWEY DECIMAL CLASSIFICATION NUMBER
Edition number 813.6
100 ## - MAIN ENTRY--PERSONAL NAME
Personal name Pennypacker, Sara
Dates associated with a name 1951-
245 ## - TITLE STATEMENT
Title Clementine and the spring trip /
Statement of responsibility, etc. Sara Pennypacker Pictures by Marla Frazee
250 ## - EDITION STATEMENT
Edition statement First printing in 2013
260 ## - PUBLICATION, DISTRIBUTION, ETC.
Place of publication, distribution, etc. New York:
Name of publisher, distributor, etc. Scholastic,
Date of publication, distribution, etc. 2013.
300 ## - PHYSICAL DESCRIPTION
Extent 151 pages :
Other physical details illustrations ;
Dimensions 22cm
505 ## - FORMATTED CONTENTS NOTE
Formatted contents note R<br/>
520 ## - SUMMARY, ETC.
Summary, etc. Third-grader Clementine's school field trip to Plimoth Plantation leads to all kind of discoveries, from fourth grade eating rules to the source of the stink on the bus.
521 8# - TARGET AUDIENCE NOTE
Target audience note 720L<br/>
Source Lexile<br/>
521 8# - TARGET AUDIENCE NOTE
Target audience note R<br/>
Source Raz-Plus<br/>
650 ## - SUBJECT ADDED ENTRY--TOPICAL TERM
Source of heading or term School
Topical term or geographic name entry element Rules
Form subdivision Realistic fiction
650 ## - SUBJECT ADDED ENTRY--TOPICAL TERM
Source of heading or term Friendship
Topical term or geographic name entry element Field trip
700 ## - ADDED ENTRY--PERSONAL NAME
Personal name Frazee, Marla
Dates associated with a name Illustrator
942 ## - ADDED ENTRY ELEMENTS (KOHA)
Source of classification or shelving scheme Dewey Decimal Classification
Koha item type Books
Suppress in OPAC No
Holdings
Withdrawn status Lost status Source of classification or shelving scheme Damaged status Not for loan Collection Home library Current library Shelving location Date acquired Total Checkouts Full call number Barcode Date due Date last seen Date last checked out Copy number Price effective from Koha item type
    Dewey Decimal Classification     Juvenile Fiction Footprints International School Library Network Toul Tom Poung Campus Footprints International School Library Network Toul Tom Poung Campus TTP Primary Orange Bookshelves 09/13/2024 2 PEN 813.6 PZ7.P3856 2024-1948 12/12/2025 11/28/2025 11/28/2025 1 09/13/2024 Books
    Dewey Decimal Classification     Juvenile Fiction Footprints International School Library Network Toul Tom Poung Campus Footprints International School Library Network Toul Tom Poung Campus TTP Primary Orange Bookshelves 07/02/2025 1 PEN 813.6 PZ7.P3856 FISBK00226   09/30/2025 07/15/2025 2 07/02/2025 Books